Eastern Utah Libraries Catalog: Duchesne, Heber, Roosevelt, & Vernal

Going vintage / (Record no. 91298)

MARC details
000 -LEADER
fixed length control field 01678pam a2200421 a 4500
001 - CONTROL NUMBER
control field BK0011480288
003 - CONTROL NUMBER IDENTIFIER
control field DLC
005 - DATE AND TIME OF LATEST TRANSACTION
control field 20241220134251.0
008 - FIXED-LENGTH DATA ELEMENTS--GENERAL INFORMATION
fixed length control field 120711s2013 nyu d 000 1 eng
010 ## - LIBRARY OF CONGRESS CONTROL NUMBER
LC control number 2012023269
020 ## - INTERNATIONAL STANDARD BOOK NUMBER
International Standard Book Number 9781599907871 : HRD
Terms of availability $16.99
020 ## - INTERNATIONAL STANDARD BOOK NUMBER
International Standard Book Number 1599907879 : HRD
Terms of availability $16.99
037 ## - SOURCE OF ACQUISITION
Source of stock number/acquisition Bloomsbury USA, C/O Mps 16365 James Madison Hwy, Gordonsville, VA, USA, 22942
Note SAN 631-5011
040 ## - CATALOGING SOURCE
Original cataloging agency DLC
Transcribing agency DLC
Modifying agency NjBwBT
-- IMmBT
050 00 - LIBRARY OF CONGRESS CALL NUMBER
Classification number PZ7.L46553
Item number Goi 2013
082 00 - DEWEY DECIMAL CLASSIFICATION NUMBER
Classification number [Fic]
Edition number 23
084 ## - OTHER CLASSIFICATION NUMBER
Classification number JUV026000
084 ## - OTHER CLASSIFICATION NUMBER
Classification number JUV013070
Source of number bisacsh
092 ## - LOCALLY ASSIGNED DEWEY CALL NUMBER (OCLC)
Classification number FIC
092 ## - LOCALLY ASSIGNED DEWEY CALL NUMBER (OCLC)
Classification number LEAVITT
100 1# - MAIN ENTRY--PERSONAL NAME
Personal name Leavitt, Lindsey.
9 (RLIN) 5865335
245 10 - TITLE STATEMENT
Title Going vintage /
Statement of responsibility, etc Lindsey Leavitt.
260 ## - PUBLICATION, DISTRIBUTION, ETC. (IMPRINT)
Place of publication, distribution, etc New York :
Name of publisher, distributor, etc Bloomsbury,
Date of publication, distribution, etc 2013.
300 ## - PHYSICAL DESCRIPTION
Extent 312 p. ;
Dimensions 22 cm.
520 ## - SUMMARY, ETC.
Summary, etc When sixteen-year-old Mallory learns that her boyfriend, Jeremy, is cheating on her with his cyber "wife," she rebels against technology by following her grandmother's list of goals from 1962, with help from her younger sister, Ginnie.
650 #1 - SUBJECT ADDED ENTRY--TOPICAL TERM
Topical term or geographic name as entry element Dating (Social customs)
Form subdivision Fiction.
9 (RLIN) 5675717
650 #1 - SUBJECT ADDED ENTRY--TOPICAL TERM
Topical term or geographic name as entry element Lists
Form subdivision Fiction.
9 (RLIN) 5803118
650 #1 - SUBJECT ADDED ENTRY--TOPICAL TERM
Topical term or geographic name as entry element Sisters
Form subdivision Fiction.
9 (RLIN) 5674091
650 #1 - SUBJECT ADDED ENTRY--TOPICAL TERM
Topical term or geographic name as entry element Family life
Geographic subdivision California
Form subdivision Fiction.
9 (RLIN) 5675306
650 #1 - SUBJECT ADDED ENTRY--TOPICAL TERM
Topical term or geographic name as entry element High schools
Form subdivision Fiction.
9 (RLIN) 5675716
650 #1 - SUBJECT ADDED ENTRY--TOPICAL TERM
Topical term or geographic name as entry element Schools
Form subdivision Fiction.
9 (RLIN) 5673727
651 #1 - SUBJECT ADDED ENTRY--GEOGRAPHIC NAME
Geographic name California
Form subdivision Fiction.
9 (RLIN) 5674690
650 #7 - SUBJECT ADDED ENTRY--TOPICAL TERM
Topical term or geographic name as entry element JUVENILE FICTION / Love & Romance.
Source of heading or term bisacsh
9 (RLIN) 5679136
650 #7 - SUBJECT ADDED ENTRY--TOPICAL TERM
Topical term or geographic name as entry element JUVENILE FICTION / Family / Siblings.
Source of heading or term bisacsh
9 (RLIN) 5679134
856 42 - ELECTRONIC LOCATION AND ACCESS
Materials specified Cover image
Uniform Resource Identifier <a href="http://www.netread.com/jcusers2/bk1388/871/9781599907871/image/lgcover.9781599907871.jpg">http://www.netread.com/jcusers2/bk1388/871/9781599907871/image/lgcover.9781599907871.jpg</a>
942 ## - ADDED ENTRY ELEMENTS (KOHA)
Koha item type BOOK
998 ## - LOCAL CONTROL INFORMATION (RLIN)
-- a159695
Holdings
Withdrawn status Lost status Source of classification or shelving scheme Damaged status Not for loan Collection code Home library Current library Shelving location Date acquired Source of acquisition Total Checkouts Total Renewals Full call number Barcode Date last seen Date checked out Cost, replacement price Price effective from Koha item type
    Dewey Decimal Classification     Young Adult Fiction Wasatch County Library Wasatch County Library Main Floor Teen Area 03/21/2022 Amazon 2 1 YA Leavitt 34301001839267 08/06/2024 07/30/2024 6.99 03/21/2022 BOOK
This project was made possible through a grant from the Institute of Museum and Library Service administered by the Utah State Library Division.

Wasatch County Library

  • 465 East 1200 South, Heber City, Utah 84032
  • Phone 435-654-1511 | Fax 435-654-6456

Hours

  • Monday - Friday 9:30 AM - 8:00 PM
  • Saturday 9:30 AM - 1:30 PM
  • Closed Sundays and Holidays